[Event "BEL-chT2 0708"]
[Site "Belgium"]
[Date "2007.11.04"]
[Round "3"]
[White "Froeyman, Helmut"]
[Black "Counet, Jean Michel"]
[Result "1-0"]
[WhiteElo "2262"]
[BlackElo "2031"]
[PlyCount "151"]
[EventDate "2007.10.07"]
[EventType "team-tourn"]
[EventRounds "11"]
[EventCountry "BEL"]
[SourceTitle "EXT 2009"]
[Source "ChessBase"]
[SourceDate "2008.11.26"]
[SourceVersion "1"]
[SourceVersionDate "2008.11.26"]
[SourceQuality "1"]
[WhiteTeam "Deurne"]
[BlackTeam "Namur II"]
[WhiteTeamCountry "BEL"]
[BlackTeamCountry "BEL"]

1. e4 e5 2. Nf3 Nc6 3. Bb5 a6 4. Ba4 d6 5. 0-0 Bd7 6. c3 Nge7 7. d4 Ng6 8. Re1 Be7 9. Be3 b5 10. Bb3 Na5 11. Bc2 Nc4 12. Bc1 0-0 13. b3 Na5 14. Be3 c6 15. Nbd2 Qc7 16. Nf1 Bf6 17. Rc1 Rfe8 18. Ng3 Rad8 19. h3 Qb8 20. Qd2 Nb7 21. b4 d5 22. exd5 cxd5 23. Bxg6 hxg6 24. dxe5 Bxe5 25. Nxe5 Rxe5 26. Red1 Qc8 27. Bg5 Rde8 28. Bf4 R5e7 29. Qxd5 Be6 30. Qd2 Rd7 31. Qc2 Rxd1+ 32. Rxd1 Qc4 33. Be3 Rc8 34. Qe4 Qc6 35. a3 Nd6 36. Qxc6 Rxc6 37. Bc5 Nb7 38. Bd4 Nd6 39. Ra1 Nf5 40. Nxf5 gxf5 41. a4 bxa4 42. Rxa4 Bc4 43. Ra1 Rg6 44. f3 Re6 45. Rd1 Rd6 46. Kf2 Kh7 47. f4 Kg8 48. g4 fxg4 49. hxg4 f6 50. f5 Rd7 51. Kf3 Kf7 52. Kf4 Bb5 53. Rd2 Rd5 54. Rh2 Kg8 55. Rg2 Bd3 56. Ke3 Bb5 57. Kf4 Kf8 58. Rg3 Rd7 59. g5 fxg5+ 60. Rxg5 Rf7 61. Ke5 Bd3 62. Kd6 Bc4 63. Kc5 Bd3 64. Kb6 Bb5 65. Be5 Bd3 66. Kc6 Bc2 67. c4 Rxf5 68. Bxg7+ Kf7 69. Rg4 Bd1 70. Rg1 Be2 71. c5 Bb5+ 72. Kb6 Rf4 73. Bc3 Rc4 74. Rg3 Ke6 75. Re3+ Kd5 76. Re5# 1-0